THE GREAT GATSBY (Record no. 12109)

MARC details
000 -LEADER
fixed length control field 00253nam a22000977a 4500
008 - FIXED-LENGTH DATA ELEMENTS--GENERAL INFORMATION
fixed length control field 221031b |||||||| |||| 00| 0 eng d
020 ## - INTERNATIONAL STANDARD BOOK NUMBER
International Standard Book Number 9788172344566
100 ## - MAIN ENTRY--PERSONAL NAME
Personal name FITZGERALD SCOTT
9 (RLIN) 7601
245 ## - TITLE STATEMENT
Title THE GREAT GATSBY
260 ## - PUBLICATION, DISTRIBUTION, ETC. (IMPRINT)
Place of publication, distribution, etc. INDIA
Name of publisher, distributor, etc. PRAKASH BOOKS
Date of publication, distribution, etc. 2022
Holdings
Withdrawn status Lost status Source of classification or shelving scheme Damaged status Koha normalized classification for sorting Not for loan Collection code Home library Current library Shelving location Date acquired Total Checkouts Full call number Barcode Date last seen Date last checked out Price effective from Koha item type
    Dewey Decimal Classification   FIT_823_000000000000000   Fiction Good Samaritan School Library Good Samaritan School Library FICTION 10/31/2022 3 FIT823 FIT17371 07/27/2024 07/24/2024 10/31/2022 BOOK

Powered by Koha